01137nam a2200241 a 4500003000400000005001700004008002500021020003800046040000800084082002300092090002400115100002100139245007600160260005200236300002300288521035200311650004500663700002800708700002000736942001400756999001500770952011000785KPN20260428100023.020260428b 00| 0 my d a9789675783135cRM35.00qpaperback cKPN04aBM FK GOR 201122300aBM FK GOR 2011bGOR1 aGordon, Roderick10aDeeper /cRoderick Gordon & Brian Williams; penterjemah Harny Abu Khair aBatu Caves, Selangor :bPTS Litera Utama,c2011 a597 pages ;c22cm. aPengembaraan masih belum tamat untuk Will Burrows. Dalam misi mencari ayah angkatnya, Will terus jatuh jauh ke dalam tanah. Dan keadaan menjadi semakin sukar apabila dia bertembung pula dengan rahsia rancangan Styx yang akan membawa implikasi buruk kepada dunia di atas. Begitu juga dengan kisah seorang adik perempuan yang masih berdendam.... 10aEnglish fictionvTranslations into Malay1 aWilliams, Brian,d1943-0 aHarny Abu Khair 2ddcc1n0 c1836d1836 00102ddc40708FaKPNbKPNcFICKd2026-04-28l0oBM FK GOR 2011pKPN26040069r2026-04-28w2026-04-28y1